Khơi dậy khả năng ngôn ngữ /

Guardado en:
Detalles Bibliográficos
Autor principal: Minh Thu
Formato: Libro
Lenguaje:Vietnamese
Publicado: HCM, QĐND 2010.
Materias:
Etiquetas: Agregar Etiqueta
Sin Etiquetas, Sea el primero en etiquetar este registro!
Thư viện lưu trữ: Mạng thư viện Đại học Đà Nẵng
LEADER 00938cam a22002891a 4500
001 000033197
003 9341
005 20210424113214.0
008 151016s2010 vm 000 vie
020 |c 36000 
041 |a vie 
082 |a 495.92401  |b MI-T 
100 |a Minh Thu 
245 0 |a Khơi dậy khả năng ngôn ngữ /  |c Minh Thu. 
260 |b QĐND  |a HCM,  |c 2010. 
300 |a 228tr. : ;  |c 20cm. 
650 |a Khơi dậy khả năng ngôn ngữ 
653 |a khả năng ngôn ngữ  |a ngôn ngữ 
OWN |a LNN 
902 |a TKV 
AVA |a UDN50  |b LNN  |d 495.92401 MI-T  |e available  |t Error 5001 Not defined in file expand_doc_bib_avail.  |f 1  |g 0  |h N  |i 0  |k 1 
999 |a From the UDN01 
AVA |a UDN50  |b LNN  |d 495.92401 MI-T  |e available  |t Error 5001 Not defined in file expand_doc_bib_avail.  |f 1  |g 0  |h N  |i 0  |k 1 
TYP |a Monograph 
980 |a Mạng thư viện Đại học Đà Nẵng